Yo, Tituba, la bruja negra de Salem : [postal anexa] /

Postal que reproduce la imagen de la cubierta de una edición de Yo, Tituba, la bruja negra de Salem (Madrid, España: Editorial Impedimenta, 2022), novela histórica de la escritora guadalupeña Maryse Condé (1934-2024) sobre una esclava barbadense que formó parte de los célebres juicios por brujería d...

Täydet tiedot

Tallennettuna:
Bibliografiset tiedot
Muut tekijät: Micue, Fares (fotógrafo) (fotógrafo)
Aineistotyyppi: Kirja
Kieli:espanja
Julkaistu: Madrid, España : Impedimenta, 2022, c2022
Painos:3a edición
Sarja:(Impedimenta) [s.n.]
(Biblioteca Maryse Condé)
Aiheet:
Tagit: Lisää tagi
Ei tageja, Lisää ensimmäinen tagi!

MARC

LEADER 00000nam^a2200000^a^4500
001 000588481
005 20250521000000.0
009 20260310132830.463
020 |a 978-84-18668-60-9 
037 |a Acervo ITESO - Biblioteca 
041 |a GRA 
041 |a ESP 
082 |a POS GEN IMP 014 
240 1 1 |a [Yo, Tituba, la bruja negra de Salem] 
245 1 0 |a Yo, Tituba, la bruja negra de Salem :  |b [postal anexa] / 
250 |a 3a edición 
264 4 |a Madrid, España :  |b Impedimenta,  |c 2022, c2022 
300 |a 1 postal :  |b color ;  |c 9.0 x 14.0 cm. 
336 |a imagen fija bidimensional :  |b sti  |2 rdacontenido 
337 |a sin mediación  |b n  |2 rdamedio 
338 |a postal  |b nz  |2 rdasoporte 
440 1 |a (Impedimenta) [s.n.] 
440 1 |a (Biblioteca Maryse Condé) 
521 |a FIL 2023 DIA 
520 |a Postal que reproduce la imagen de la cubierta de una edición de Yo, Tituba, la bruja negra de Salem (Madrid, España: Editorial Impedimenta, 2022), novela histórica de la escritora guadalupeña Maryse Condé (1934-2024) sobre una esclava barbadense que formó parte de los célebres juicios por brujería de Salem (1692-1693): se trata de Be Like a Phoenix (2020), fotografía digital de la artista canaria Fares Micue (Arrecife, isla de Lanzarote, 1987). 
545 0 |a Maryse Condé (Pointe-à-Pitre, Guadalupe, 1934 – Apt, Vaucluse, Francia, 2024), una de las mayores voces de la literatura afrocaribeña. Nacida en la burguesía guadalupeña, estudió en París, donde descubrió el racismo de la metrópoli. Radicó en varios países de Africa Occidental durante sus años de independización (1959-72), pero sin idealizar el mundo africano. Obtuvo sus grados con las tesis Estudio comparado de los proverbios bambaras, yorubas y antillanos (1974) y Estereotipo del negro en la literatura antillana de Guadalupe y Martinica (1975). Acreedora de la beca Fulbright (1985), dio clases en algunas de las mejores universidades de Estados Unidos y Francia, en especial la de Columbia, donde fungió como presidenta fundadora del Centro de Estudios Franceses y Francófonos y fue nombrada profesora emérita. Dueña de una mirada propia y una existencia nómada, retrató con un lenguaje preciso y devastador los estragos del colonialismo, la experiencia de la diáspora y el caos poscolonial. Muestra de ello son novelas como Segu (1984-85), Yo, Tituba, la bruja negra de Salem (1986, Gran Premio Literario de la Mujer 1987), La vida secreta (1987, Premio Anaïs-Ségalas 1988), Travesía del manglar (1989), La colonia del Nuevo Mundo (1993), Barlovento (1995), La deseada (1997, Premio Carbet), Célanire Cuellocortado (2000), Historia de la mujer caníbal (2005) y El evangelio del Nuevo Mundo (2021, Premio de Traducción del PEN Inglés); el volumen Corazón que ríe, corazón que llora: cuentos verdaderos de mi infancia (1999, Premio Marguerite Yourcenar) y la autobiografía La vida sin maquillaje (2012). Primera presidenta del Comité para la Memoria de la Esclavitud en Francia (2004-08), recibió los premios Puterbaugh (1993), Metrópolis Azul (2003), Nobel alternativo (2018) y Cino del Duca (2021) por su trayectoria y, sin renunciar a su orgulloso independentismo guadalupeño, la Orden del Mérito de la República francesa (2020). 
546 |a Edición gráfica con texto en español 
580 |a Existe 1 libro vinculado con el recurso, en el registro 576762 
649 |a XX 
650 |a Fotógrafos Españoles 
650 |a Artistas Españoles 
650 |a Mujeres Españolas 
650 |a Tarjetas Postales 
650 |a Ilustración de Libros y Manuscritos 
650 |a Ilustración (Diseño) 
650 |a Fotografía Digital -  |z España 
650 |a Fotografía Española -  |y Siglo XXI 
650 |a Arte Digital -  |z España 
650 |a Arte Español -  |y Siglo XXI 
650 |a Micue, Fares 
700 |a Micue, Fares  |e (fotógrafo) 
740 0 |a Be Like a Phoenix /  |c Fotógrafa F. Micue. 
910 |a Fondo General 
920 |a Gráficos - Postales 
905 |a 505 
901 |a 0500337559  |b IT2  |c POS  |i C183805  |u 20250521 
902 |a https://opac.biblio.iteso.mx/vufind/Record/000588481